¿Don Alfonso o Don Carlos? : (Record no. 160101)

MARC details
000 -LEADER
campo de control de longitud fija 01169nam a2200241 4500
001 - NÚMERO DE CONTROL
campo de control 160101
003 - IDENTIFICADOR DE NÚMERO DE CONTROL
campo de control ES-MaACL
005 - FECHA Y HORA DE LA ÚLTIMA TRANSACCIÓN
campo de control 20260301183523.0
008 - DATOS DE LONGITUD FIJA--INFORMACIÓN GENERAL
campo de control de longitud fija 950109s1872 sp |||| | spa d
080 ## - NÚMERO DE LA CLASIFICACIÓN DECIMAL UNIVERSAL
Número de la Clasificación Decimal Universal 929 Alfonso XII, Rey de España
080 ## - NÚMERO DE LA CLASIFICACIÓN DECIMAL UNIVERSAL
Número de la Clasificación Decimal Universal 929 Borbón y de Austria-Este, Carlos de, Duque de Madrid
100 1# - ENTRADA PRINCIPAL--NOMBRE DE PERSONA
Nombre de persona Montoliú y de Sarriera, Plácido-María de
Títulos y otros términos asociados al nombre Marqués de.
9 (RLIN) 130114
245 11 - MENCIÓN DEL TÍTULO
Título ¿Don Alfonso o Don Carlos? :
Resto del título estudio histórico-legal /
Mención de responsabilidad, etc. por Plácido María de Montoliú y de Sarriera.
260 ## - PUBLICACIÓN, DISTRIBUCIÓN, ETC.
Lugar de publicación, distribución, etc. Madrid :
Nombre del editor, distribuidor, etc. [s.n.],
Fecha de publicación, distribución, etc. 1872 (
Fabricante Imp. de Pascual Conesa)
300 ## - DESCRIPCIÓN FÍSICA
Extensión 119 p., [1] h. pleg. ;
Dimensiones 22 cm.
597 ## - NOTA DE DESCRIPCIÓN FÍSICA
NOTA DE DESCRIPCIÓN FÍSICA H. pleg.: Árbol genealógico de la descendencia de los Reyes Católicos
600 04 - PUNTO DE ACCESO ADICIONAL DE MATERIA--NOMBRE DE PERSONA
Nombre de persona Alfonso
Numeración XII,
Títulos y otros términos asociados al nombre Rey de España
9 (RLIN) 19874
600 14 - PUNTO DE ACCESO ADICIONAL DE MATERIA--NOMBRE DE PERSONA
Nombre de persona Borbón y Austria-Este, Carlos de,
Títulos y otros términos asociados al nombre Duque de Madrid,
Fechas asociadas al nombre 1848-1909
9 (RLIN) 153058
651 #4 - PUNTO DE ACCESO ADICIONAL DE MATERIA--NOMBRE GEOGRÁFICO
Nombre geográfico España-
Subdivisión general Historia-
Subdivisión cronológica 1843-1873.
9 (RLIN) 8258
852 4# - LOCALIZACIÓN
Ubicación ES-MaACL
Número de control de estantería T-121-F-9
Nota libre - Enc. hol., falto de cub. original
-- - Enc. en un vol. facticio
852 4# - LOCALIZACIÓN
Ubicación ES-MaACL
Número de control de estantería T-155-F-4
Nota libre - Enc. hol., falto de cub. original
-- - Enc. en un vol. facticio
Holdings
Estatus retirado Estado de pérdida Estado de daño No para préstamo Colección Biblioteca de origen Biblioteca actual Ubicación en estantería Fecha de adquisición Total de préstamos Signatura topográfica completa Código de barras Visto por última vez Precio de reemplazo Tipo de ítem Koha
        Colección de folletos Biblioteca del Ateneo de Madrid Biblioteca del Ateneo de Madrid Depósito folletos 17/01/2008   T-155-F-4 1167614 23/02/2023 23/02/2023 Folleto
        Colección de folletos Biblioteca del Ateneo de Madrid Biblioteca del Ateneo de Madrid Depósito folletos 17/01/2008   T-121-F-9 1167613 23/02/2023 23/02/2023 Folleto